Through C to C++ : (Record no. 541717)
[ view plain ]
| 000 -LEADER | |
|---|---|
| fixed length control field | 00593cam a2200181 a 4500 |
| 020 ## - INTERNATIONAL STANDARD BOOK NUMBER | |
| International Standard Book Number | 0763703192 |
| 082 00 - DEWEY DECIMAL CLASSIFICATION NUMBER | |
| Classification number | 005.133 |
| Author Mark | HOL |
| -- | MCE L-39 ,P-170 |
| 100 1# - MAIN ENTRY--PERSONAL NAME | |
| Personal name | Holmes, Barry |
| 9 (RLIN) | 36734 |
| 245 10 - TITLE STATEMENT | |
| Title | Through C to C++ : |
| Remainder of title | a complete programming course / |
| Statement of responsibility, etc. | Barry Holmes. |
| 260 ## - PUBLICATION, DISTRIBUTION, ETC. | |
| Place of publication, distribution, etc. | Sudbury, Mass. : |
| Name of publisher, distributor, etc. | Jones and Bartlett, |
| Date of publication, distribution, etc. | c1997. |
| 300 ## - PHYSICAL DESCRIPTION | |
| Extent | xx, 714 p. : |
| Other physical details | ill. ; |
| Dimensions | 26 cm. |
| 500 ## - GENERAL NOTE | |
| General note | Includes index. |
| 526 ## - STUDY PROGRAM INFORMATION NOTE | |
| Program name | 0 |
| Interest level | 0 |
| Reading level | 0 |
| Title point value | 005_133000000000000_HOL |
| 650 #0 - SUBJECT ADDED ENTRY--TOPICAL TERM | |
| Topical term or geographic name entry element | C (Computer program language) |
| 9 (RLIN) | 1226 |
| 650 #0 - SUBJECT ADDED ENTRY--TOPICAL TERM | |
| Topical term or geographic name entry element | C++ (Computer program language) |
| 9 (RLIN) | 1810 |
| 650 #0 - SUBJECT ADDED ENTRY--TOPICAL TERM | |
| Topical term or geographic name entry element | MCE |
| 9 (RLIN) | 379 |
| 942 ## - ADDED ENTRY ELEMENTS (KOHA) | |
| Source of classification or shelving scheme | |
| Koha item type | Book |
| Withdrawn status | Lost status | Source of classification or shelving scheme | Damaged status | Not for loan | Permanent Location | Current Location | Date acquired | Total Checkouts | Full call number | Barcode | Date last seen | Date last checked out | Price effective from | Koha item type |
|---|---|---|---|---|---|---|---|---|---|---|---|---|---|---|
| Military College of Engineering (MCE) | Military College of Engineering (MCE) | 08/23/2013 | 1 | 005.133 HOL | MCE-42855 | 10/02/2020 | 09/24/2019 | 08/23/2013 | Book |
